[Event "15. Sombor open"]
[Site "Sombor"]
[Date "2023.03.17"]
[Round "1.1"]
[White "Popovic, Vojin"]
[Black "Pavkov, Nebojsa"]
[Result "0-1"]
[WhiteElo "1666"]
[BlackElo "2229"]
[PlyCount "65"]
[EventDate "2023.03.17"]

1. e4 d6 2. d4 Nf6 3. Nc3 Nbd7 4. f4 e5 5. fxe5 dxe5 6. dxe5 Nxe5 7. Qxd8+ Kxd8
8. Bg5 c6 9. O-O-O+ Kc7 10. Nf3 Bd6 11. Be2 Nfg4 12. Rhf1 f6 13. h3 Nxf3 14.
Rxf3 Ne5 15. Bf4 Be6 16. Rff1 Rhe8 17. Kb1 Re7 18. Be3 Bf7 19. h4 h5 20. Bf4
Bg6 21. Bf3 Rae8 22. Rfe1 Nc4 23. Bxd6+ Nxd6 24. Rd4 f5 25. Red1 Nxe4 26. Nxe4
fxe4 27. Rd6 exf3 28. Rxg6 Re1 29. Rxg7+ Kb6 30. Kc1 f2 31. Rf7 Rxd1+ 32. Kxd1
Re1+ 33. Kd2 0-1

[Event "15. Sombor open"]
[Site "Sombor"]
[Date "2023.03.17"]
[Round "1.2"]
[White "Ledjenac, Milorad"]
[Black "Gajcin, Sinisa"]
[Result "1-0"]
[WhiteElo "2150"]
[BlackElo "1661"]
[Annotator "Robert"]
[PlyCount "39"]
[EventDate "2023.03.17"]

1. d4 Nf6 2. Nf3 g6 3. c4 Bg7 4. Nc3 d5 5. g3 dxc4 6. Bg2 c6 7. e4 O-O 8. a4 a5
9. O-O h6 10. Qe2 Be6 11. Rd1 Qc8 12. Ne5 Na6 13. Nxc4 Bxc4 14. Qxc4 Nb4 15.
Qe2 Rd8 16. h3 e6 17. Be3 Rd7 18. Rd2 Qf8 19. Rad1 h5 20. f4 {Necitko.} 1-0

[Event "15. Sombor open"]
[Site "Sombor"]
[Date "2023.03.17"]
[Round "1.3"]
[White "Babac, Zoran"]
[Black "Kurcubic, Drago"]
[Result "0-1"]
[WhiteElo "1644"]
[BlackElo "2094"]
[Annotator "Robert"]
[PlyCount "80"]
[EventDate "2023.03.17"]

1. b3 e5 2. Bb2 Nc6 3. e3 Nf6 4. Bb5 d6 5. d4 Bd7 6. d5 Ne7 7. Bxd7+ Qxd7 8. c4
b5 9. Nd2 g6 10. Ne2 Bg7 11. Ng3 bxc4 12. bxc4 O-O 13. O-O c6 14. Nge4 Nxe4 15.
Nxe4 Rab8 16. Ba3 c5 17. Rb1 h6 18. Ng3 f5 19. Ne2 Kh7 20. Qc2 Rxb1 21. Rxb1 f4
22. exf4 exf4 23. Bb2 Bxb2 24. Rxb2 f3 25. Ng3 Nf5 26. Qb1 Qa4 27. Nxf5 gxf5
28. Rb7+ Kg6 29. Qb3 Qa5 30. Qe3 Qxa2 31. Qe6+ Kh5 32. gxf3 Qa1+ 33. Kg2 Rf6
34. Rb1 Qd4 35. Qe2 Rg6+ 36. Kh1 Qf4 37. Rg1 Rxg1+ 38. Kxg1 a5 39. Qe8+ Kh4 40.
Kg2 Qg5+ 0-1

[Event "15. Sombor open"]
[Site "Sombor"]
[Date "2023.03.17"]
[Round "1.4"]
[White "Vlahovic, Ljubo"]
[Black "Vujnovic, Igor"]
[Result "1-0"]
[WhiteElo "2039"]
[BlackElo "1604"]
[PlyCount "97"]
[EventDate "2023.03.17"]

1. e4 c5 2. Nc3 d6 3. f4 Nc6 4. Nf3 a6 5. a4 g6 6. Bc4 e6 7. O-O Bg7 8. d3 Nge7
9. Qe1 Nd4 10. Nxd4 cxd4 11. Nb1 O-O 12. Bb3 Qc7 13. Nd2 Bd7 14. Nf3 Rae8 15.
Qh4 Qc5 16. f5 exf5 17. Bh6 fxe4 18. Ng5 Nf5 19. Rxf5 gxf5 20. Bxg7 Kxg7 21.
Qxh7+ Kf6 22. Qh4 Kg7 23. Qh7+ Kf6 24. Nxf7 Be6 25. Bxe6 Kxe6 26. Ng5+ Kd5 27.
Qxb7+ Qc6 28. Qb3+ Ke5 29. Re1 Qa8 30. dxe4 fxe4 31. Nxe4 Qxe4 32. Rxe4+ Kxe4
33. h3 Rb8 34. Qd3+ Kd5 35. b3 Rbc8 36. c4+ Ke5 37. Qe2+ Kf5 38. Qf3+ Ke6 39.
Qe4+ Kd7 40. Qxd4 Ke6 41. Qd5+ Kd7 42. Qb7+ Rc7 43. Qxa6 Rb8 44. Qa5 Rxb3 45.
Qf5+ Kc6 46. Kh2 Rb2 47. Qe4+ Kd7 48. a5 Rb4 49. a6 1-0

[Event "15. Sombor open"]
[Site "Sombor"]
[Date "2023.03.17"]
[Round "1.5"]
[White "Milin, Milos"]
[Black "Skrobonja, Sinisa"]
[Result "0-1"]
[WhiteElo "1600"]
[BlackElo "1957"]
[Annotator "Robert"]
[PlyCount "36"]
[EventDate "2023.03.17"]

1. e4 g6 2. d4 Bg7 3. c4 d6 4. f4 b6 5. Nc3 Bb7 6. Nf3 e6 7. Bd3 Nd7 8. O-O Ne7
9. Be3 d5 10. cxd5 exd5 11. e5 O-O 12. Qc2 c5 13. b3 a6 14. g4 Nc6 15. a3 Rc8
16. f5 cxd4 17. Bg5 f6 18. exf6 Nxf6 {Necitko.} 0-1

[Event "15. Sombor open"]
[Site "Sombor"]
[Date "2023.03.17"]
[Round "1.6"]
[White "Glamuzina, Jurica"]
[Black "Stojakovic, Dusan"]
[Result "1-0"]
[WhiteElo "1950"]
[BlackElo "1557"]
[Annotator "Robert"]
[PlyCount "85"]
[EventDate "2023.03.17"]

1. e4 c5 2. Nf3 Nc6 3. c3 d5 4. exd5 Qxd5 5. d4 g6 6. Be3 cxd4 7. cxd4 Bg7 8.
Nc3 Qa5 9. Bc4 Qb4 10. Qe2 Bg4 11. O-O-O Nf6 12. a3 Qa5 13. h3 Bxf3 14. Qxf3
O-O 15. g4 Rac8 16. g5 Nh5 17. Ba2 e5 18. d5 Nd4 19. Qe4 Ne2+ 20. Kb1 Qxc3 21.
Bd2 Neg3 22. fxg3 Nxg3 23. Bxc3 Nxe4 24. Bb4 Rfd8 25. Rde1 Nxg5 26. d6 b6 27.
Rhf1 Rd7 28. h4 Nh3 29. Bb3 a6 30. Rc1 a5 31. Rxc8+ Bf8 32. Ba4 Kg7 33. Bxd7
axb4 34. Bxh3 Bxd6 35. Rc6 Be7 36. h5 bxa3 37. Rxb6 axb2 38. Kxb2 f5 39. Kc2 e4
40. Kd1 e3 41. Ke2 gxh5 42. Bxf5 h4 43. Kf3 1-0

[Event "15. Sombor open"]
[Site "Sombor"]
[Date "2023.03.17"]
[Round "1.7"]
[White "Kelic, Dusan"]
[Black "Lalic, Miroslav"]
[Result "1/2-1/2"]
[WhiteElo "1532"]
[BlackElo "1921"]
[PlyCount "101"]
[EventDate "2023.03.17"]

1. e4 e5 2. Nf3 Nc6 3. Bb5 a6 4. Bxc6 dxc6 5. d4 exd4 6. Qxd4 Bg4 7. Qxd8+ Rxd8
8. Bg5 f6 9. Bf4 Bxf3 10. gxf3 Bd6 11. Bg3 Ne7 12. Nd2 Ng6 13. O-O-O Bf4 14.
Bxf4 Nxf4 15. Nb3 b6 16. Rxd8+ Kxd8 17. Nd4 c5 18. Nf5 g6 19. Rd1+ Ke8 20. Ne3
Ke7 21. Nd5+ Nxd5 22. Rxd5 Ke6 23. Kd2 Rf8 24. Ke3 f5 25. f4 fxe4 26. Kxe4 Rf5
27. Re5+ Rxe5+ 28. fxe5 g5 29. f4 gxf4 30. Kxf4 h6 31. c4 b5 32. b3 c6 33. Ke4
h5 34. a3 h4 35. a4 h3 36. a5 Kd7 37. cxb5 cxb5 38. Kd5 c4 39. bxc4 b4 40. Kd4
Ke6 41. c5 b3 42. Kc3 b2 43. Kxb2 Kxe5 44. Kc3 Kd5 45. Kb4 Ke6 46. Kc4 Ke5 47.
Kc3 Kd5 48. Kb4 Ke6 49. Kc4 Ke5 50. Kc3 Kd5 51. Kb4 1/2-1/2

[Event "15. Sombor open"]
[Site "Sombor"]
[Date "2023.03.17"]
[Round "1.8"]
[White "Matkovic, Simana"]
[Black "Djurosev, Djordje"]
[Result "1-0"]
[WhiteElo "1907"]
[BlackElo "1493"]
[PlyCount "93"]
[EventDate "2023.03.17"]

1. d4 Nf6 2. Bf4 e6 3. e3 c5 4. Nd2 Nc6 5. c3 d5 6. Ngf3 cxd4 7. exd4 Bd6 8.
Bg3 h6 9. Bd3 Qc7 10. Bxd6 Qxd6 11. O-O Bd7 12. Re1 O-O-O 13. b4 a6 14. a4 Na7
15. Qe2 Ng4 16. b5 a5 17. c4 b6 18. c5 Qb8 19. Rec1 Kc7 20. Nb3 Be8 21. cxb6+
Kxb6 22. Qd2 Kb7 23. Qxa5 Rd6 24. Rc2 Bd7 25. Nc5+ Ka8 26. Rac1 Rc8 27. Qd2 Be8
28. Rb2 Rb6 29. Rcb1 e5 30. Na6 Qd6 31. dxe5 Nxe5 32. Nxe5 Qxe5 33. Re1 Qd6 34.
Bf5 Bd7 35. Bd3 f5 36. a5 Rb7 37. b6 Nc6 38. Nc7+ Rcxc7 39. bxc7 Rxb2 40. Qxb2
Qxc7 41. a6 g5 42. Qh8+ Ka7 43. Rb1 Na5 44. Qd4+ Ka8 45. Bxf5 Bc6 46. Bd3 Qe7
47. Qb6 1-0

[Event "15. Sombor open"]
[Site "Sombor"]
[Date "2023.03.17"]
[Round "1.9"]
[White "Stojanovic, Mihajlo J"]
[Black "Stojkovic, Andreja"]
[Result "0-1"]
[WhiteElo "1394"]
[BlackElo "1849"]
[PlyCount "68"]
[EventDate "2023.03.17"]

1. e4 c5 2. Nf3 Nf6 3. Nc3 Nc6 4. d4 d5 5. e5 Ne4 6. dxc5 Nxc3 7. bxc3 e6 8.
Be3 Qa5 9. Qd2 Bxc5 10. Be2 Bxe3 11. Qxe3 d4 12. Nxd4 Qxe5 13. Bb5 Qxe3+ 14.
fxe3 Bd7 15. O-O-O Rc8 16. Rd2 Ke7 17. Rhd1 Rhd8 18. Kb2 Ne5 19. Bxd7 Rxd7 20.
Kb3 Rd5 21. Nf5+ Kf6 22. Rxd5 exd5 23. Ng3 Ke6 24. e4 dxe4 25. Nxe4 f5 26. Nd6
Rd8 27. Re1 Rxd6 28. c4 Rd2 29. Kc3 Rxg2 30. Rb1 b6 31. Rb3 Rxh2 32. Ra3 Rh3+
33. Kb2 Nxc4+ 34. Ka1 Rh1# 0-1

[Event "15. Sombor open"]
[Site "Sombor"]
[Date "2023.03.17"]
[Round "1.10"]
[White "Knezevic, Janko"]
[Black "Kokai, Lea"]
[Result "1-0"]
[WhiteElo "1823"]
[BlackElo "1269"]
[PlyCount "53"]
[EventDate "2023.03.17"]

1. e4 e5 2. Nf3 Nc6 3. Bb5 Nf6 4. d3 d6 5. h3 h6 6. Be3 Be7 7. Nc3 Bd7 8. Qd2
a6 9. Ba4 b5 10. Bb3 Na5 11. Nd5 Nxb3 12. Nxf6+ Bxf6 13. axb3 Bc6 14. c4 Qd7
15. O-O O-O 16. Nh2 Bb7 17. f4 exf4 18. Bxf4 Rae8 19. Ng4 Be7 20. Bxh6 c6 21.
Bxg7 Kxg7 22. Qh6+ Kg8 23. Rf5 d5 24. Rg5+ Bxg5 25. Qxg5+ Kh7 26. Qh6+ Kg8 27.
Nf6# 1-0

[Event "15. Sombor open"]
[Site "Sombor"]
[Date "2023.03.17"]
[Round "1.11"]
[White "Radisic, Andjelija"]
[Black "Pastrovic, Nenad"]
[Result "0-1"]
[WhiteElo "1103"]
[BlackElo "1822"]
[PlyCount "134"]
[EventDate "2023.03.17"]

1. d4 Nf6 2. c4 g6 3. Nc3 d5 4. cxd5 Nxd5 5. Nxd5 Qxd5 6. Nf3 Bg7 7. Bf4 c6 8.
e3 Bf5 9. Be2 Nd7 10. O-O O-O 11. h3 Qa5 12. a3 Qb6 13. Qd2 c5 14. Bd3 Bxd3 15.
Qxd3 Rfd8 16. Rab1 cxd4 17. exd4 Nf8 18. Be3 Rd5 19. Qc4 Rad8 20. Rfd1 e5 21.
Qc2 exd4 22. Bf4 Ne6 23. Bg3 d3 24. Qc4 Qb5 25. Qxb5 Rxb5 26. b4 Nd4 27. Nxd4
Rxd4 28. f3 Rd7 29. Rb3 Rbd5 30. Kf2 Bd4+ 31. Kf1 Be3 32. Bf2 Bxf2 33. Kxf2 f5
34. f4 d2 35. Rb2 Kf7 36. Ke3 Re7+ 37. Kf2 Re4 38. Rbxd2 Rxd2+ 39. Rxd2 Rxf4+
40. Kg3 Re4 41. Rd7+ Re7 42. Rd3 Kf6 43. Kf4 g5+ 44. Kf3 Ke5 45. Kf2 Rc7 46.
Kf3 h5 47. Kf2 Ke4 48. Rd2 b6 49. Ke2 Rc3 50. Ra2 g4 51. hxg4 hxg4 52. a4 f4
53. a5 b5 54. Rb2 f3+ 55. gxf3+ gxf3+ 56. Kf2 Re3 57. Kf1 Kd3 58. Rb3+ Kd2 59.
Rxe3 Kxe3 60. a6 f2 61. Kg2 Ke2 62. Kg3 f1=Q 63. Kg4 Ke3 64. Kg5 Ke4 65. Kg4
Qg2+ 66. Kh4 Kf5 67. Kh5 Qg5# 0-1

[Event "15. Sombor open"]
[Site "Sombor"]
[Date "2023.03.20"]
[Round "2.1"]
[White "Pavkov, Nebojsa"]
[Black "Matkovic, Simana"]
[Result "1-0"]
[WhiteElo "2229"]
[BlackElo "1907"]
[PlyCount "143"]
[EventDate "2023.03.17"]

1. g3 d5 2. Bg2 Nf6 3. d3 c6 4. f4 Bf5 5. Nf3 e6 6. Nh4 Be7 7. O-O O-O 8. Qe1
Na6 9. a3 Nc7 10. e3 Nd7 11. e4 dxe4 12. dxe4 Bg4 13. Nc3 f6 14. Be3 Bc5 15.
Rf2 Qe7 16. Nd1 Rad8 17. Bf3 Bxf3 18. Nxf3 e5 19. f5 Nb6 20. Nd2 Rd7 21. Nb3
Bxe3 22. Nxe3 Nb5 23. Qb4 Qxb4 24. axb4 Nd6 25. Nc5 Re7 26. Kg2 Nbc8 27. Kf3 b6
28. Ne6 Rfe8 29. Rd2 g6 30. g4 h5 31. h3 hxg4+ 32. Nxg4 Rxe6 33. fxe6 Rxe6 34.
c4 f5 35. Nf2 Kf7 36. c5 Nb5 37. Rd8 Nd4+ 38. Kg2 Re8 39. Rxe8 Kxe8 40. Rxa7
bxc5 41. Ra8 Kd7 42. bxc5 Ne7 43. b4 f4 44. Nd3 Ke6 45. Rd8 Nb5 46. Kf3 Kf6 47.
h4 Nd4+ 48. Kg4 Nb5 49. Re8 Nc3 50. Rxe7 Kxe7 51. Nxe5 Kf6 52. Nxc6 Nxe4 53.
Kxf4 Nc3 54. Ke3 Ke6 55. Kd3 Nd5 56. b5 Nf4+ 57. Ke4 Ng2 58. Nd4+ Kd7 59. Nf3
Kc7 60. Ke5 Kd7 61. Kf6 Nf4 62. Ne5+ Kc7 63. Nxg6 Nd3 64. Nf8 Nf2 65. Kf5 Nd1
66. h5 Nc3 67. Ne6+ Kb7 68. Nd4 Na4 69. c6+ Kc7 70. h6 Nc3 71. Ke5 Nd1 72. h7
1-0

[Event "15. Sombor open"]
[Site "Sombor"]
[Date "2023.03.20"]
[Round "2.2"]
[White "Stojkovic, Andreja"]
[Black "Ledjenac, Milorad"]
[Result "0-1"]
[WhiteElo "1849"]
[BlackElo "2150"]
[Annotator "Robert"]
[PlyCount "50"]
[EventDate "2023.03.17"]

1. e4 c5 2. Nf3 Nc6 3. Bb5 Qb6 4. Nc3 e6 5. O-O d6 6. d4 cxd4 7. Nxd4 Bd7 8.
Be3 Qc7 9. Re1 Nf6 10. Bf1 a6 11. a3 Be7 12. Nf3 O-O 13. a4 Rfb8 14. Qd2 b6 15.
Bf4 Ne5 16. Nxe5 dxe5 17. Bg5 h6 18. Bxf6 Bxf6 19. Rad1 Be8 20. Qd6 Qxd6 21.
Rxd6 Be7 22. Rd3 Rc8 23. Red1 Bc5 24. Ra1 b5 25. a5 Be7 0-1

[Event "15. Sombor open"]
[Site "Sombor"]
[Date "2023.03.20"]
[Round "2.3"]
[White "Kurcubic, Drago"]
[Black "Knezevic, Janko"]
[Result "1/2-1/2"]
[WhiteElo "2094"]
[BlackElo "1823"]
[PlyCount "99"]
[EventDate "2023.03.17"]

1. e4 c5 2. c3 d6 3. d4 cxd4 4. cxd4 e6 5. Nf3 a6 6. Nc3 Be7 7. g3 Nf6 8. Bg2
O-O 9. O-O Nbd7 10. Bf4 Ne8 11. Rc1 b5 12. a3 Bb7 13. Re1 Nb6 14. Qe2 Rc8 15.
Nd2 g6 16. h4 Ng7 17. Bh3 Rc7 18. Nf1 Nc4 19. Nh2 h5 20. Nf3 Qa8 21. Bh6 Rfc8
22. Bxg7 Kxg7 23. Ng5 Bxg5 24. hxg5 Rf8 25. Bg2 Qd8 26. f4 e5 27. d5 Bc8 28.
Rf1 Bg4 29. Bf3 Rh8 30. Bxg4 hxg4 31. b3 Nxa3 32. Qxg4 b4 33. Ne2 Rxc1 34. Rxc1
Qb6+ 35. Kg2 exf4 36. Qxf4 Qd8 37. Nd4 Rh5 38. Rf1 Qe7 39. Nc6 Qd7 40. g4 Rh7
41. Qf6+ Kf8 42. Kg3 Nc2 43. Nd8 Nd4 44. Ne6+ Nxe6 45. dxe6 Qc7 46. exf7 d5+
47. Qf4 Qc3+ 48. Rf3 Qe1+ 49. Rf2 Qc3+ 50. Rf3 1/2-1/2

[Event "15. Sombor open"]
[Site "Sombor"]
[Date "2023.03.20"]
[Round "2.4"]
[White "Pastrovic, Nenad"]
[Black "Vlahovic, Ljubo"]
[Result "0-1"]
[WhiteElo "1822"]
[BlackElo "2039"]
[PlyCount "118"]
[EventDate "2023.03.17"]

1. e4 c5 2. Nf3 d6 3. d4 cxd4 4. Nxd4 Nf6 5. Nc3 g6 6. Bc4 Bg7 7. h3 Nc6 8. Be3
O-O 9. Bb3 Bd7 10. O-O Nxd4 11. Bxd4 Bc6 12. Qd3 Qa5 13. Rad1 Rfd8 14. f4 Nd7
15. Bxg7 Kxg7 16. Nd5 Bxd5 17. Bxd5 Nf6 18. Bb3 b5 19. Qf3 Qc7 20. g4 a5 21. c3
a4 22. Bc2 b4 23. Rd3 bxc3 24. bxc3 Nd7 25. Rd4 a3 26. h4 Ra5 27. Ba4 Nc5 28.
Bc2 Rb8 29. Rb4 Nd7 30. Rfb1 Rxb4 31. Rxb4 Qc5+ 32. Kg2 Rb5 33. Ba4 Rxb4 34.
cxb4 Qa7 35. Bxd7 Qxd7 36. Kg3 Qa4 37. Qc3+ f6 38. g5 Qa7 39. gxf6+ exf6 40.
Kg2 Qa6 41. Kf2 Qb6+ 42. Kg2 Qb7 43. Kf3 Qa7 44. Kg2 Qa4 45. Qd2 Qc6 46. Kf3
Qc4 47. Ke3 Qf1 48. Qxd6 Qc1+ 49. Kf3 Qc3+ 50. Ke2 Qc2+ 51. Qd2 Qxe4+ 52. Kf2
Qh1 53. Kg3 Qe4 54. Kf2 Qh1 55. Kg3 Qb1 56. Qd7+ Kh6 57. Qd2 Qb2 58. Qe3 Qxa2
59. Qe8 Kh5 0-1

[Event "15. Sombor open"]
[Site "Sombor"]
[Date "2023.03.20"]
[Round "2.5"]
[White "Skrobonja, Sinisa"]
[Black "Mandaric, Petar"]
[Result "1-0"]
[WhiteElo "1957"]
[BlackElo "1799"]
[Annotator "Robert"]
[PlyCount "99"]
[EventDate "2023.03.17"]

1. e4 e5 2. Nf3 d6 3. Bc4 h6 4. c3 Nf6 5. d3 Nc6 6. O-O Bg4 7. Bb3 g5 8. Re1
Bg7 9. Nbd2 Qd7 10. Nf1 Be6 11. Bc2 O-O-O 12. Ba4 Qe7 13. Bxc6 bxc6 14. Qa4 g4
15. N3d2 Qe8 16. Qxa7 Kd7 17. a4 Ra8 18. Qe3 h5 19. Ng3 h4 20. Nf5 Bxf5 21.
exf5 Bh6 22. Qe2 g3 23. fxg3 hxg3 24. h3 Bf4 25. Ne4 Nxe4 26. dxe4 Bxc1 27.
Rexc1 Qe7 28. a5 Qg5 29. Rd1 Rh4 30. a6 Qf4 31. Ra4 Qg5 32. Rf1 f6 33. a7 Qg8
34. Raa1 Qb3 35. Rf3 Qb6+ 36. Qe3 Qxb2 37. Rff1 Qb6 38. Rf3 Qxe3+ 39. Rxe3 Rhh8
40. Rxg3 d5 41. Rd3 Kd6 42. Ra5 Rhg8 43. exd5 cxd5 44. Rdxd5+ Kc6 45. c4 Kb6
46. Rdb5+ Kc6 47. Ra6+ Kd7 48. Rd5+ Ke7 49. Re6+ Kf7 50. Rd7+ 1-0

[Event "15. Sombor open"]
[Site "Sombor"]
[Date "2023.03.20"]
[Round "2.6"]
[White "Dombrovski, Mihajlo"]
[Black "Glamuzina, Jurica"]
[Result "1-0"]
[WhiteElo "1774"]
[BlackElo "1950"]
[Annotator "Robert"]
[PlyCount "60"]
[EventDate "2023.03.17"]

1. e4 d6 2. d4 Nf6 3. Nc3 c6 4. g3 Qa5 5. Bg2 e5 6. Nge2 Nbd7 7. O-O Be7 8. h3
O-O 9. Be3 Re8 10. f4 Bf8 11. g4 exd4 12. Nxd4 Nxe4 13. Nxe4 d5 14. Nb3 Qc7 15.
Qd3 dxe4 16. Bxe4 Nf6 17. Bf3 Be6 18. Nc5 Bd5 19. g5 Bxf3 20. Rxf3 Nd5 21. Bf2
Nxf4 22. Qf5 Ng6 23. Rd1 Re5 24. Qd7 Rxg5+ 25. Kh1 Qxd7 26. Nxd7 f6 27. Nxf8
Nxf8 28. Rfd3 Re5 29. R1d2 a6 30. b4 Re7 {Necitko.} 1-0

[Event "15. Sombor open"]
[Site "Sombor"]
[Date "2023.03.20"]
[Round "2.7"]
[White "Lalic, Miroslav"]
[Black "Grba, Ilija"]
[Result "1-0"]
[WhiteElo "1921"]
[BlackElo "1738"]
[PlyCount "85"]
[EventDate "2023.03.17"]

1. e4 c5 2. Bc4 Nc6 3. a3 e6 4. Nc3 Nf6 5. d3 Be7 6. Nf3 d5 7. exd5 exd5 8. Ba2
d4 9. Ne4 Nxe4 10. dxe4 Bg4 11. h3 Be6 12. Bxe6 fxe6 13. O-O O-O 14. Qd3 Qc7
15. Qb3 Qd7 16. Ng5 Bxg5 17. Bxg5 Na5 18. Qg3 Rf7 19. Rfd1 Raf8 20. f3 Nc6 21.
c3 e5 22. b4 Qe6 23. bxc5 dxc3 24. Rd5 h6 25. Be3 Rf6 26. Kh2 Rg6 27. Rd6 Qxd6
28. cxd6 Rxg3 29. Kxg3 Nd4 30. Kf2 Rd8 31. Bxd4 exd4 32. e5 Kf7 33. Ke2 Ke6 34.
f4 Kf5 35. Kd3 g5 36. g3 gxf4 37. gxf4 Kxf4 38. Kxd4 Kf5 39. Kd5 c2 40. Rf1+
Kg6 41. Rc1 Rc8 42. d7 Rc3 43. Kd4 1-0

[Event "15. Sombor open"]
[Site "Sombor"]
[Date "2023.03.20"]
[Round "2.8"]
[White "Gajcin, Sinisa"]
[Black "Kelic, Dusan"]
[Result "1-0"]
[WhiteElo "1661"]
[BlackElo "1532"]
[Annotator "Robert"]
[PlyCount "48"]
[EventDate "2023.03.17"]

1. e4 e6 2. d4 d5 3. e5 c5 4. c3 cxd4 5. cxd4 Bb4+ 6. Nc3 Ne7 7. Nf3 O-O 8. Bd3
f5 9. O-O Nbc6 10. Ne2 Ng6 11. a3 Be7 12. b4 a6 13. g3 h6 14. Kg2 Bg5 15. Bb2
Bd7 16. Kh1 Be8 17. Nxg5 Qxg5 18. Rc1 Qh5 19. Qd2 Qf3+ 20. Kg1 f4 21. Rc3 Qg4
22. f3 Qg5 23. g4 h5 24. Kh1 hxg4 {Necitko.} 1-0

[Event "15. Sombor open"]
[Site "Sombor"]
[Date "2023.03.20"]
[Round "2.9"]
[White "Kokai, Lea"]
[Black "Popovic, Vojin"]
[Result "0-1"]
[WhiteElo "1269"]
[BlackElo "1666"]
[PlyCount "64"]
[EventDate "2023.03.17"]

1. e4 d5 2. exd5 Qxd5 3. Nc3 Qd6 4. d4 Nf6 5. Nf3 Bg4 6. Be2 Nbd7 7. h3 Bxf3 8.
Bxf3 c6 9. Be3 e6 10. O-O Be7 11. Qd2 Qc7 12. Bf4 Bd6 13. Bxd6 Qxd6 14. Rad1
O-O 15. Ne4 Nxe4 16. Bxe4 Nf6 17. Qd3 Rfd8 18. c3 Rd7 19. f4 Rad8 20. f5 e5 21.
Rf2 exd4 22. Qf3 Qc5 23. cxd4 Rxd4 24. Rxd4 Qxd4 25. Bb1 Re8 26. Bd3 Re3 27.
Qd1 Rxd3 28. Qc2 Ne4 29. g4 Nxf2 30. Qxf2 Qxf2+ 31. Kxf2 Rd2+ 32. Kf3 Rxb2 0-1

[Event "15. Sombor open"]
[Site "Sombor"]
[Date "2023.03.20"]
[Round "2.11"]
[White "Vujnovic, Igor"]
[Black "Stojanovic, Mihajlo J"]
[Result "1-0"]
[WhiteElo "1604"]
[BlackElo "1394"]
[Annotator "Robert"]
[PlyCount "56"]
[EventDate "2023.03.17"]

1. e4 c5 2. d4 cxd4 3. c3 d3 4. Bxd3 d6 5. Nf3 Nf6 6. h3 g6 7. Be3 Bg7 8. Qd2
Nc6 9. O-O O-O 10. Rd1 Bd7 11. a4 Na5 12. Qc2 Be6 13. Nbd2 Rc8 14. Nd4 Bc4 15.
Bxc4 Nxc4 16. Nxc4 Rxc4 17. f3 Qc7 18. Nb5 Qa5 19. Bxa7 b6 20. Rd4 Rfc8 21. Qd3
Rxd4 22. Qxd4 Nd7 23. Qd5 Qa6 24. Ra3 Rc5 25. Qa8+ Rc8 26. Qd5 Rc5 27. Qd1 Qb7
28. b4 Rg5 {Necitko.} 1-0

[Event "15. Sombor open"]
[Site "Sombor"]
[Date "2023.03.20"]
[Round "2.13"]
[White "Stojakovic, Dusan"]
[Black "Radisic, Andjelija"]
[Result "1-0"]
[WhiteElo "1557"]
[BlackElo "1103"]
[PlyCount "137"]
[EventDate "2023.03.17"]

1. c4 e5 2. Nc3 Nc6 3. g3 Bc5 4. Bg2 Nf6 5. d3 d6 6. Bg5 h6 7. Bxf6 Qxf6 8. Nf3
Be6 9. O-O O-O 10. e3 a6 11. Ne4 Qe7 12. d4 Ba7 13. d5 Bf5 14. Nh4 Bxe4 15.
Bxe4 Nd8 16. Nf5 Qf6 17. Qf3 Re8 18. h4 g6 19. Nxh6+ Kg7 20. Qxf6+ Kxf6 21. g4
Kg7 22. g5 c6 23. Rac1 cxd5 24. cxd5 Re7 25. Rc2 b5 26. b4 Bb6 27. Rfc1 Raa7
28. Ng4 Rac7 29. Nf6 Rxc2 30. Rxc2 Kf8 31. Rc8 Kg7 32. Kf1 Rb7 33. Ne8+ Kf8 34.
Nxd6 Rd7 35. Nxb5 axb5 36. Ke2 Ra7 37. Rc2 Rc7 38. Rxc7 Bxc7 39. Bd3 Bd6 40. a3
Ke7 41. Bxb5 e4 42. Kd2 Bh2 43. a4 Kd6 44. Bc4 Kc7 45. a5 Kb8 46. b5 Kb7 47. d6
Bxd6 48. Bd5+ Kb8 49. a6 Ka7 50. Bxe4 Bb8 51. Ke2 Kb6 52. Bd3 Ba7 53. f4 Kc7
54. Kf3 Kd6 55. e4 Ke6 56. Kg4 Ke7 57. Bc4 Ne6 58. Bxe6 Kxe6 59. h5 gxh5+ 60.
Kxh5 Ke7 61. f5 f6 62. g6 Kf8 63. Kh6 Kg8 64. g7 Bd4 65. Kg6 Bb6 66. Kxf6 Bd4+
67. e5 Bb6 68. Ke7 Kxg7 69. f6+ 1-0

[Event "15. Sombor open"]
[Site "Sombor"]
[Date "2023.03.22"]
[Round "3.1"]
[White "Vlahovic, Ljubo"]
[Black "Pavkov, Nebojsa"]
[Result "1/2-1/2"]
[WhiteElo "2039"]
[BlackElo "2229"]
[PlyCount "30"]
[EventDate "2023.03.17"]

1. e4 e5 2. Nf3 Nf6 3. Nxe5 d6 4. Nf3 Nxe4 5. Qe2 Qe7 6. Nc3 Nxc3 7. dxc3 Qxe2+
8. Bxe2 Be7 9. Bf4 Nc6 10. Nd4 Nxd4 11. cxd4 c6 12. Bd3 Be6 13. O-O O-O 14. Bg3
Rfe8 15. c3 Bf8 1/2-1/2

[Event "15. Sombor open"]
[Site "Sombor"]
[Date "2023.03.22"]
[Round "3.2"]
[White "Ledjenac, Milorad"]
[Black "Skrobonja, Sinisa"]
[Result "1-0"]
[WhiteElo "2150"]
[BlackElo "1957"]
[PlyCount "101"]
[EventDate "2023.03.17"]

1. d4 g6 2. c4 Bg7 3. Nc3 Nf6 4. e4 O-O 5. Bg5 d6 6. Nf3 h6 7. Bh4 Nbd7 8. Nd2
e5 9. d5 a5 10. a3 g5 11. Bg3 Nc5 12. b3 Bg4 13. f3 Bd7 14. Bf2 h5 15. Be2 Qc8
16. b4 axb4 17. axb4 Rxa1 18. Qxa1 Na6 19. Qa3 Ne8 20. c5 dxc5 21. bxc5 Nb8 22.
O-O f5 23. exf5 Bxf5 24. Nde4 g4 25. fxg4 hxg4 26. Qb3 Kh8 27. Rb1 Nd7 28. Qxb7
Nef6 29. Bd3 Qe8 30. Nxf6 Rxf6 31. Bxf5 Rxf5 32. Ne4 Rf4 33. d6 cxd6 34. cxd6
Qg6 35. Re1 Qe8 36. Be3 Rf8 37. Rc1 Qe6 38. Rc8 Qf5 39. Rxf8+ Bxf8 40. Qd5 Kg7
41. Bg5 Qf7 42. Qb7 Kg6 43. Be7 Qc4 44. Bxf8 Qc1+ 45. Kf2 Qf4+ 46. Ke2 Nxf8 47.
Qd5 Nd7 48. Qe6+ Nf6 49. Nxf6 Qxf6 50. Qxg4+ Kf7 51. Qf3 1-0

[Event "15. Sombor open"]
[Site "Sombor"]
[Date "2023.03.22"]
[Round "3.3"]
[White "Kurcubic, Drago"]
[Black "Dombrovski, Mihajlo"]
[Result "1-0"]
[WhiteElo "2094"]
[BlackElo "1774"]
[PlyCount "39"]
[EventDate "2023.03.17"]

1. e4 Nf6 2. Nc3 d6 3. d4 g6 4. Be2 Bg7 5. h4 h5 6. Bf4 O-O 7. Qd2 c6 8. Nh3 b5
9. f3 Nbd7 10. g4 hxg4 11. Ng5 Nh5 12. fxg4 Nxf4 13. Qxf4 Bxd4 14. h5 Be5 15.
Qe3 Bg7 16. hxg6 Ne5 17. Qh3 Re8 18. Qh7+ Kf8 19. gxf7 Nxf7 20. Rf1 1-0

[Event "15. Sombor open"]
[Site "Sombor"]
[Date "2023.03.22"]
[Round "3.4"]
[White "Knezevic, Janko"]
[Black "Lalic, Miroslav"]
[Result "1-0"]
[WhiteElo "1823"]
[BlackElo "1921"]
[PlyCount "57"]
[EventDate "2023.03.17"]

1. e4 e5 2. Nf3 Nc6 3. Nc3 a6 4. d4 exd4 5. Nxd4 Bb4 6. Bc4 Bxc3+ 7. bxc3 Ne5
8. Bb3 Qh4 9. Qe2 d6 10. O-O Ne7 11. f4 Bg4 12. Qe3 N5c6 13. Bd2 O-O 14. Rae1
Na5 15. Nf3 Qh5 16. a4 Be6 17. Bxe6 fxe6 18. Qd3 Qc5+ 19. Kh1 Nc4 20. Bc1 e5
21. f5 h6 22. Nh4 Rf6 23. g4 d5 24. g5 dxe4 25. Qxe4 Rd6 26. f6 hxg5 27. Bxg5
gxf6 28. Bxf6 Nd2 29. Qg4+ 1-0

[Event "15. Sombor open"]
[Site "Sombor"]
[Date "2023.03.22"]
[Round "3.5"]
[White "Glamuzina, Jurica"]
[Black "Gajcin, Sinisa"]
[Result "0-1"]
[WhiteElo "1950"]
[BlackElo "1661"]
[PlyCount "77"]
[EventDate "2023.03.17"]

1. b3 d5 2. Bb2 c5 3. e3 Nf6 4. Nf3 g6 5. c4 e6 6. d4 Bg7 7. Nc3 cxd4 8. Nxd4
Qa5 9. Qd2 O-O 10. cxd5 exd5 11. Bd3 Nc6 12. Nce2 Qxd2+ 13. Kxd2 Nb4 14. Ng3
Nxd3 15. Kxd3 b6 16. f3 Ba6+ 17. Kd2 Rfe8 18. Rhe1 h5 19. Nh1 h4 20. Nf2 Rac8
21. Rac1 Nd7 22. Rxc8 Rxc8 23. Rc1 Rxc1 24. Kxc1 Bf1 25. g3 hxg3 26. hxg3 Bg2
27. f4 Nc5 28. Nc6 Bxb2+ 29. Kxb2 a5 30. Kc3 Kf8 31. g4 f6 32. Na7 Ke8 33. Nc8
Nd7 34. g5 fxg5 35. fxg5 Kd8 36. Nd6 Ne5 37. Nd3 Nxd3 38. Kxd3 Ke7 39. Nb5 0-1

[Event "15. Sombor open"]
[Site "Sombor"]
[Date "2023.03.22"]
[Round "3.6"]
[White "Matkovic, Simana"]
[Black "Stojakovic, Dusan"]
[Result "1-0"]
[WhiteElo "1907"]
[BlackElo "1557"]
[PlyCount "59"]
[EventDate "2023.03.17"]

1. d4 Nf6 2. Bf4 g6 3. Nc3 d5 4. e3 Bg7 5. Be2 O-O 6. h4 c5 7. h5 cxd4 8. exd4
Qb6 9. hxg6 fxg6 10. a3 Nc6 11. Nf3 e6 12. Na4 Qa5+ 13. c3 Qd8 14. Nc5 Ne4 15.
Nd3 g5 16. Be3 Na5 17. Nde5 Bxe5 18. Nxe5 Qf6 19. Ng4 Qg7 20. Qc2 Bd7 21. Bd3
Rae8 22. Bxe4 dxe4 23. Rh5 Kh8 24. Rxg5 Qe7 25. Rxa5 Qh4 26. O-O-O Qxg4 27. Rg5
Qh4 28. g3 Qh2 29. Qxe4 Bc6 30. Qe5+ 1-0